1300 câu đàm thoại tiếng Hoa thông dụng

Đã lưu trong:
書目詳細資料
主要作者: Vân Nam
格式: 圖書
出版: Nxb Thanh Hoá 2001
標簽: 添加標簽
沒有標簽, 成為第一個標記此記錄!
Thư viện lưu trữ: Mạng thư viện Đại học Đà Nẵng
LEADER 00807nam a2200253 a 4500
001 000041589
003 18607
005 20171030155812.0
008 171030s2001
020 |c 39000 
040 |a LNN 
082 0 |a 495.18  |b VÂ-N 
100 1 |a Vân Nam 
245 0 0 |a 1300 câu đàm thoại tiếng Hoa thông dụng  |c Vân Nam, Trung Hữu. 
260 |b Nxb Thanh Hoá  |c 2001 
OWN |a LNN 
AVA |a UDN50  |b LNN  |d 495.18 VÂ-N  |e available  |t Error 5001 Not defined in file expand_doc_bib_avail.  |f 2  |g 0  |h N  |i 0  |k 1 
999 |a From the UDN01 
AVA |a UDN50  |b LNN  |d 495.18 VÂ-N  |e available  |t Error 5001 Not defined in file expand_doc_bib_avail.  |f 2  |g 0  |h N  |i 0  |k 1 
TYP |a Monograph 
TYP |a Printed language 
980 |a Mạng thư viện Đại học Đà Nẵng